[Event "Pamplona op"]
[Site "?"]
[Date "1995.??.??"]
[Round "?"]
[White "Gomez Esteban, Juan Mario"]
[Black "Ochoa De Echaguen, Fco Javier"]
[WhiteElo "2440"]
[BlackElo "2430"]
[Result "0-1"]

1. e4 c5 2. Nf3 Nc6 3. d4 cxd4 4. Nxd4 Nf6 5. Nc3 e5 6. Ndb5 d6 7. Bg5 a6 8. Na3 b5 9. Nd5 Be7 10. Bxf6 Bxf6 11. c3 Rb8 12. Nc2 a5 13. a4 bxa4 14. Nce3 O-O 15. Qxa4 Ne7 16. Nxf6+ gxf6 17. O-O-O Qb6 18. Qa3 Rd8 19. Rd2 Qc6 20. Bc4 Be6 21. Bxe6 fxe6 22. Rhd1 Rb6 23. Qa2 Kf7 24. Nc4 Nc8 25. Nxb6 Nxb6 26. Re2 a4 27. g3 Qb5 28. Rde1 Nc4 29. f4 Ke7 30. Rf2 Rb8 31. f5 exf5 32. exf5 d5 33. g4 e4 34. h4 Rg8 35. g5 fxg5 36. f6+ Kf7 37. hxg5 Rxg5 38. Rh1 h5 39. Rfh2 Qb6 40. Re1 Rg1 41. Re2 Rxe1+ 42. Rxe1 Qf2 43. Rd1 Qe3+ 44. Kb1 Qe2 45. Kc1 Ne3 46. Qxa4 Qxd1+ 

0-1

[Event "Havana"]
[Site "?"]
[Date "1983.??.??"]
[Round "?"]
[White "Zapata, Alonso"]
[Black "Ochoa De Echaguen, Fco Javier"]
[WhiteElo "2425"]
[BlackElo "2400"]
[Result "0-1"]

1. e4 c5 2. Nf3 Nc6 3. d4 cxd4 4. Nxd4 Nf6 5. Nc3 e5 6. Ndb5 d6 7. Bg5 a6 8. Na3 b5 9. Nd5 Qa5+ 10. Bd2 Qd8 11. c4 Nxe4 12. cxb5 Be6 13. Bc4 Ne7 14. Be3 Qa5+ 15. Ke2 Rc8 16. Rc1 Nxd5 17. Bxd5 Rxc1 18. Bxc1 Qxa3 19. Bc6+ Bd7 20. Qd5 Qa4 21. Bxd7+ Kxd7 22. Qb7+ Ke6 23. Qc8+ Kf6 24. bxa6 Be7 25. Qxh8 Qc2+ 26. Kf3 Qd3+ 27. Be3 Nd2+ 28. Kg3 Qg6+ 

0-1

[Event "Luzern ol"]
[Site "?"]
[Date "1982.??.??"]
[Round "?"]
[White "Danner, Georg"]
[Black "Ochoa De Echaguen, Fco Javier"]
[WhiteElo "2410"]
[BlackElo "2410"]
[Result "0-1"]

1. d4 Nf6 2. c4 c5 3. d5 b5 4. cxb5 a6 5. Nc3 Qa5 6. Bd2 axb5 7. e4 b4 8. e5 bxc3 9. Bxc3 Qa4 10. Qxa4 Rxa4 11. exf6 gxf6 12. Be2 Rg8 13. Bf3 d6 14. b3 Ra8 15. Ne2 Bh6 16. O-O Bg4 17. Bxg4 Rxg4 18. f4 f5 19. Ng3 e6 20. Nh5 Kd8 21. Rfe1 Rg6 22. b4 Nd7 23. dxe6 fxe6 24. Re2 Ra3 25. Rc1 Ra4 26. Rb1 Kc7 27. Rc2 Rg8 28. bxc5 Nxc5 29. Be5 Ra5 30. Bd4 Rga8 31. Bxc5 dxc5 32. Re1 R8a6 33. Ree2 Kd6 34. h3 Ra4 35. g3 Rd4 36. Rcd2 Ra3 37. Kg2 Bf8 38. Rxd4+ cxd4 39. g4 d3 40. Rb2 Kd5 41. gxf5 exf5 42. Ng3 Bd6 43. Nxf5 Bxf4 44. Nh4 d2 45. Rb1 Rd3 46. Rd1 Ke4 47. a4 Bg5 

0-1

[Event "New York op"]
[Site "?"]
[Date "1987.??.??"]
[Round "?"]
[White "Valvo, Michael J"]
[Black "Ochoa De Echaguen, Fco Javier"]
[WhiteElo "2405"]
[BlackElo "2430"]
[Result "0-1"]

1. e4 c5 2. Nf3 Nc6 3. d4 cxd4 4. Nxd4 Nf6 5. Nc3 e5 6. Ndb5 d6 7. Bg5 a6 8. Na3 b5 9. Nd5 Be7 10. Nxe7 Nxe7 11. Qf3 Bg4 12. Qd3 d5 13. f3 Be6 14. Bxf6 gxf6 15. exd5 Nxd5 16. c3 Qb6 17. Nc2 O-O 18. Qd2 Rfd8 19. Qf2 Qxf2+ 20. Kxf2 Nxc3 21. bxc3 Rd2+ 22. Kg3 Rxc2 23. a4 bxa4 24. Rxa4 Rc1 25. h4 a5 26. Kh2 Rxc3 27. Bb5 Rc5 28. Bd3 Rd8 29. Ra3 Rd4 30. Kg3 a4 31. h5 h6 32. Rh4 Rxh4 33. Kxh4 Bb3 34. Kg3 Kf8 35. Kf2 Ke7 36. Ke3 Ke6 37. g4 Kd5 38. Kd2 Kd4 39. Ra1 Rc3 40. Be4 Kc4 41. Bc6 Rc2+ 42. Ke3 Kb4 43. Be4 Rh2 

0-1

[Event "ESP-chT"]
[Site "?"]
[Date "1995.??.??"]
[Round "?"]
[White "Solana Suarez, Ernesto"]
[Black "Ochoa De Echaguen, Fco Javier"]
[WhiteElo "2385"]
[BlackElo "2430"]
[Result "0-1"]

1. e4 c5 2. Nf3 Nc6 3. d4 cxd4 4. Nxd4 Nf6 5. Nc3 e5 6. Ndb5 d6 7. Bg5 a6 8. Na3 b5 9. Nd5 Be7 10. Bxf6 Bxf6 11. c3 O-O 12. Nc2 Rb8 13. h4 g6 14. g3 Bg7 15. Bh3 f5 16. h5 Be6 17. hxg6 hxg6 18. Qd2 Qd7 19. O-O-O fxe4 20. Bxe6+ Qxe6 21. Nc7 Qxa2 22. Qxd6 Na5 23. Qe6+ Qxe6 24. Nxe6 Rxf2 25. Nxg7 Kxg7 26. Rd7+ Rf7 27. Rd6 Rbf8 28. Rxa6 Rf1+ 29. Rxf1 Rxf1+ 30. Kd2 Nc4+ 31. Ke2 Rc1 32. Nb4 Rb1 33. Ra7+ Kh6 

0-1

[Event "Capablanca mem-C"]
[Site "?"]
[Date "1993.??.??"]
[Round "?"]
[White "Gonzales, Jorge A"]
[Black "Ochoa De Echaguen, Fco Javier"]
[WhiteElo "2385"]
[BlackElo "2415"]
[Result "0-1"]

1. c4 f5 2. Nc3 Nf6 3. g3 e5 4. Bg2 Bb4 5. d3 Bxc3+ 6. bxc3 O-O 7. c5 Nc6 8. d4 e4 9. f4 b6 10. cxb6 axb6 11. e3 Na5 12. Nh3 Ba6 13. Nf2 d5 14. g4 Nxg4 15. Nxg4 fxg4 16. Qxg4 Bc8 17. Qh5 Rf5 18. Qd1 Qh4+ 19. Kf1 Nb3 20. Qxb3 Ba6+ 21. c4 Bxc4+ 22. Qxc4 dxc4 23. Bxe4 Rfa5 24. Bxa8 Rxa8 25. a3 Qh3+ 26. Kf2 g5 27. Rg1 g4 28. Ra2 Qf3+ 29. Ke1 h5 

0-1

[Event "New York op"]
[Site "?"]
[Date "1989.??.??"]
[Round "?"]
[White "Carleson, Caspar"]
[Black "Ochoa De Echaguen, Fco Javier"]
[WhiteElo "2355"]
[BlackElo "2435"]
[Result "0-1"]

1. d4 Nf6 2. c4 e5 3. dxe5 Ng4 4. Bf4 Nc6 5. Nf3 Bb4+ 6. Nbd2 Qe7 7. e3 Ngxe5 8. Nxe5 Nxe5 9. a3 Bxd2+ 10. Qxd2 d6 11. Be2 O-O 12. O-O b6 13. b4 Bb7 14. Qc2 Ng6 15. Bg3 Nh4 16. Bxh4 Qxh4 17. Rfd1 Qg5 18. Bf1 Rfe8 19. Rac1 Re6 20. c5 dxc5 21. bxc5 Be4 22. Qc4 Bc6 23. Rd4 b5 24. Qd3 Qe7 25. Qc3 Re5 26. Rg4 g6 27. Rf4 a6 28. g3 Rd8 29. Rd4 Rdd5 30. Rxd5 Bxd5 31. Bg2 Bxg2 32. Kxg2 Rd5 33. Qb4 c6 34. Qa5 Qe4+ 35. Kg1 Qe5 36. Qb6 Qb2 37. Rf1 Qxa3 38. Qxc6 Rxc5 39. Qd6 Rc3 40. Qd8+ Qf8 41. Qf6 Qc8 42. h4 Rc6 43. Qb2 Rc2 44. Qa3 h5 45. Ra1 Qf5 46. Rf1 Qf6 47. Qa5 Kg7 48. Qa3 Rc4 49. Qd3 Qc3 50. Qd5 Ra4 51. e4 Qd4 52. Rd1 Qxe4 

0-1

[Event "FRA-chT"]
[Site "?"]
[Date "1998.04.02"]
[Round "?"]
[White "Loeffler, Markus"]
[Black "Ochoa De Echaguen, Fco Javier"]
[WhiteElo "2350"]
[BlackElo "2440"]
[Result "0-1"]

1. e4 c5 2. Nc3 Nc6 3. g3 g6 4. Bg2 Bg7 5. d3 d6 6. Be3 f5 7. Qd2 fxe4 8. dxe4 Ne5 9. f4 Nc4 10. Qd3 Nxe3 11. Qxe3 Nh6 12. Nge2 O-O 13. h3 b5 14. g4 b4 15. Nd1 Bb7 16. O-O Nf7 17. c3 a5 18. Nf2 Rb8 19. g5 bxc3 20. bxc3 e5 21. h4 exf4 22. Nxf4 Qe7 23. Bh3 Ne5 24. Be6+ Kh8 25. Bd5 Rxf4 26. Qxf4 Rf8 27. Qg3 Ba6 28. Ng4 Bxf1 29. Rxf1 Nxg4 30. Qxg4 Bxc3 31. Rxf8+ Qxf8 32. Kg2 Bd4 33. Qf3 Qxf3+ 34. Kxf3 a4 35. Kg4 a3 36. h5 gxh5+ 37. Kxh5 Kg7 38. Bc4 Be3 39. Bd5 h6 40. g6 Bg5 41. Bf7 Be7 42. Be6 Bf8 43. Bf5 Kf6 44. Kg4 Ke5 45. Kf3 d5 46. Bg4 dxe4+ 47. Ke3 c4 48. Be2 c3 49. Bd1 h5 50. Bxh5 Bh6+ 51. Ke2 c2 52. g7 c1=Q 53. g8=Q Qe3+ 54. Kf1 Qh3+ 55. Ke1 Qh1+ 

0-1

[Event "Havana"]
[Site "?"]
[Date "1983.??.??"]
[Round "?"]
[White "Alzate, Dario"]
[Black "Ochoa De Echaguen, Fco Javier"]
[WhiteElo "2350"]
[BlackElo "2400"]
[Result "0-1"]

1. e4 c5 2. Nf3 Nc6 3. d4 cxd4 4. Nxd4 Nf6 5. Nc3 e5 6. Ndb5 d6 7. Bg5 a6 8. Na3 b5 9. Nd5 Be7 10. Bxf6 Bxf6 11. c3 Ne7 12. Nxf6+ gxf6 13. Nc2 Bb7 14. Bd3 d5 15. Qe2 f5 16. exf5 e4 17. Nd4 exd3 18. Qe5 Kd7 19. O-O-O Nc6 20. Nxc6 Kxc6 21. Rxd3 Qd6 22. Qd4 Rhe8 23. Rhd1 Rad8 24. a4 Qe5 25. Qb4 Qe4 26. Rd4 Qe7 27. Qa5 Qc7 28. Qb4 Qd6 29. Qa5 Qc7 30. Qb4 Qd6 31. Qa5 Qc5 32. Rh4 Qxf2 33. axb5+ axb5 34. Rh6+ Rd6 35. Rxd6+ Kxd6 36. Qxb5 Qf4+ 37. Kc2 Qxf5+ 38. Kb3 Qd7 39. Qb4+ Kc7 40. Qa5+ Kb8 41. Ra1 Qc6 42. Ra4 Re4 43. Qd8+ Bc8 44. Ra5 Re8 

0-1

[Event "Capablanca mem-C"]
[Site "?"]
[Date "1992.??.??"]
[Round "?"]
[White "Larduet Despaigne, Carlos"]
[Black "Ochoa De Echaguen, Fco Javier"]
[WhiteElo "2335"]
[BlackElo "2410"]
[Result "0-1"]

1. e4 c5 2. Nf3 Nc6 3. d4 cxd4 4. Nxd4 Nf6 5. Nc3 e5 6. Ndb5 d6 7. Bg5 a6 8. Bxf6 gxf6 9. Na3 b5 10. Nd5 Bg7 11. c3 f5 12. exf5 Bxf5 13. Nc2 O-O 14. Nce3 Be6 15. Bd3 f5 16. Bc2 Ne7 17. O-O Ng6 18. f3 Bh6 19. Re1 Ra7 20. b4 Rg7 21. Kh1 Nh4 22. Re2 f4 23. Nf1 Qg5 

0-1

[Event "Haifa ol"]
[Site "?"]
[Date "1976.??.??"]
[Round "?"]
[White "Godoy Bugueno, David A"]
[Black "Ochoa De Echaguen, Fco Javier"]
[WhiteElo "2335"]
[BlackElo "2200"]
[Result "0-1"]

1. e4 c5 2. Nf3 Nc6 3. d4 cxd4 4. Nxd4 Nf6 5. Nc3 e5 6. Ndb5 d6 7. a4 a6 8. Na3 Be6 9. Bg5 Be7 10. Bxf6 Bxf6 11. Nc4 O-O 12. Bd3 Ne7 13. Ne3 Bg5 14. Qe2 Bxe3 15. Qxe3 f5 16. f3 fxe4 17. fxe4 Nc6 18. Rf1 Qh4+ 19. Qg3 Qh6 20. Rd1 Rf4 21. h3 Raf8 22. Nb1 Kh8 23. Nc3 Qf6 24. Rg1 Nd4 25. Rd2 Qh6 26. Nd1 Rf3 27. Qh2 Rxh3 

0-1

[Event "ESP-ch"]
[Site "?"]
[Date "1989.??.??"]
[Round "?"]
[White "Comas Fabrego, Lluis"]
[Black "Ochoa De Echaguen, Fco Javier"]
[WhiteElo "2305"]
[BlackElo "2435"]
[Result "0-1"]

1. e4 c5 2. Nc3 e6 3. g3 d5 4. Bg2 dxe4 5. Nxe4 Be7 6. Qg4 g6 7. Qe2 Nc6 8. c3 f5 9. Nxc5 Bxc5 10. d4 Be7 11. Nf3 Nf6 12. O-O O-O 13. b3 Ne4 14. Bb2 Bf6 15. Rfd1 Qa5 16. Qe3 Bd7 17. Ne1 Rae8 18. Bxe4 fxe4 19. Qxe4 Nd8 20. c4 Qf5 21. Qe2 e5 22. d5 e4 23. Bxf6 Qxf6 24. c5 Bg4 

0-1

[Event "ESP-ch"]
[Site "?"]
[Date "1991.??.??"]
[Round "?"]
[White "Guerra, D"]
[Black "Ochoa De Echaguen, Fco Javier"]
[WhiteElo "2305"]
[BlackElo "2390"]
[Result "0-1"]

1. d4 f5 2. c4 Nf6 3. Nc3 d6 4. Bg5 Nbd7 5. Qc2 g6 6. Nh3 e5 7. dxe5 Nxe5 8. g3 Bg7 9. Bg2 h6 10. Bxf6 Qxf6 11. O-O c6 12. Nf4 Qf7 13. Rad1 g5 14. Nh3 Qxc4 15. Rxd6 O-O 16. Kh1 Qb4 17. Qb3+ Qxb3 18. axb3 Nf7 19. Rd3 Be6 20. Na4 Rad8 21. Nc5 Bc8 22. f4 Bxb2 23. fxg5 hxg5 24. Rfd1 Rxd3 25. Rxd3 Re8 26. Rd2 Bc1 27. Rd1 Be3 28. Nd3 Bb6 29. Nc1 Rd8 30. Rxd8+ Nxd8 31. Nd3 Nf7 32. b4 Be6 33. Nhf2 Bc4 34. e4 fxe4 35. Bxe4 Nd6 36. Bf3 Kg7 37. Kg2 Bd4 38. Ne4 Nf5 39. Ndc5 b6 40. Nd2 Ne3+ 

0-1